Satellite Communication [e resource : question paper] : (SEE) BE Seventh Sem, Dec 13 PESIT Autonomous (10TE410) (Record no. 217023)

MARC details
000 -LEADER
fixed length control field 00456nam a2200121Ia 4500
008 - FIXED-LENGTH DATA ELEMENTS--GENERAL INFORMATION
fixed length control field 231221s9999 xx 000 0 und d
041 ## - LANGUAGE CODE
Language code of text/sound track or separate title English
082 ## - DEWEY DECIMAL CLASSIFICATION NUMBER
Classification number QPTCUG13-6548
245 #0 - TITLE STATEMENT
Title Satellite Communication [e resource : question paper] : (SEE) BE Seventh Sem, Dec 13 PESIT Autonomous (10TE410)
260 ## - PUBLICATION, DISTRIBUTION, ETC.
Date of publication, distribution, etc. 2013
Name of publisher, distributor, etc. PESIT
Place of publication, distribution, etc. Bangalore
650 ## - SUBJECT ADDED ENTRY--TOPICAL TERM
Topical term or geographic name entry element Satellite,Communication,[e,paper],(SEE),BE,Seventh,Sem,,Dec,13,PESIT,Autonomous,(10TE410)
942 ## - ADDED ENTRY ELEMENTS (KOHA)
Koha item type Digital Library
Holdings
Date last seen Total checkouts Full call number Accession number Uniform resource identifier Price effective from Category Lost status Damaged status Department Withdrawn status Home library Current library Shelving location Entry date Grants Currency symbol Conversion rate Discount Old discount
26/01/2024   QPTCUG13-6548 DL6548 digital/qp/dl6548.pdf 26/01/2024 Digital Library     Central Library   Central Library Central Library Central Library   TC RS 1    

© For any Suggestions or Query, please contact the library staff @ librarian@pes.edu or Phone: +9180 2672 1983/ 2108.